000
00295nam a2200085Ia 4500
245
0
_a
Poetry 99 : twenty South African poets in performance, Grahamstown 1999
100
_a
Berold, Robert, , 1948- Grahamstown, South Africa
_9
82935
942
_c
BK
008
210817s9999 xx 000 0 und d
999
_c
329932
_d
329931